000 00199nam a2200085 4500
001 1253891
005 20251103150521.0
245 _aVE PERDE İNDİ
_cAGATHA CHRISTIE
260 _bALTIN KİTAPLAR YAYINLARI
999 _c1253891
_d1253891